00583nam a2200205 a 4500001001300000003000900013005001700022008004100039020002300080082001900103100001600122245006100138260003500199300000900234500003500243505001000278650002300288650002800311650003800339nice12345678IN_TiNIC20260116012743.0050524s1994 dela grp 000 0 eng  a8122010 c20000a303.48254bBHA aBhasin, Ved aChanging Face of Indiab Essays in Honour of Balraj Puri aDelhibKonark Publishersc1994 a206p aincludes index and biblioraphy2 aIndex aIndia-Contemporary aBalraj Puri-Festschrift aIndia-Political and Social Change